000
00307pam a2200133 a 4500
020
_c
041
_h
082
_a
676.32
_b
RLI
100
_a
Methods De pliage .
245
_a
How to fold with CD
_h
Textual Documents
260
_a
Bombay:
_b
Tara[irwala,
_c
2002.
300
_a
407:
_b
paper.
930
_a
4520
999
_c
238310
_d
238310